[Event "Mumbai Wealth op"]
[Site "Mumbai"]
[Date "2016.01.31"]
[Round "4"]
[White "Das Soham"]
[Black "Rameshbabu Praggnanandhaa"]
[Result "0-1"]
[EventDate "?"]
[WhiteElo "1815"]
[BlackElo "2174"]
[Source "chessbites.com; date by Chess Assistant 21"]
[PlyCount "64"]

1. e4 e5 2. Nf3 Nc6 3. Bb5 a6 4. Bxc6 dxc6 5. Nc3 f6 6. d4 exd4 7. Nxd4 c5 8. Nde2 Qxd1+ 9. Nxd1 Be6 10. h4 h5 11. Ne3 O-O-O 12. Nf4 Bf7 13. Nfd5 b5 14. f3 c6 15. Nf4 c4 16. Bd2 Bd6 17. Ne2 Ne7 18. O-O-O Bc5 19. Ng3 c3 20. bxc3 Bxa2 21. Kb2 Rxd2 22. Rxd2 Bxe3 23. Rd3 Bf2 24. Kxa2 Bxg3 25. Rhd1 Bc7 26. Kb3 Ng6 27. g3 Ne5 28. Re3 Bb6 29. Re2 Nxf3 30. Rf1 Ne5 31. Ra1 a5 32. Rd2 a4+ 0-1

[Event "Mumbai Wealth op"]
[Site "Mumbai"]
[Date "2016.01.30"]
[Round "3"]
[White "Rameshbabu Praggnanandhaa"]
[Black "G A Stany"]
[Result "0-1"]
[EventDate "?"]
[WhiteElo "2174"]
[BlackElo "2421"]
[Source "chessbites.com; date by Chess Assistant 21"]
[PlyCount "50"]

1. e4 c5 2. Nf3 d6 3. d4 cxd4 4. Nxd4 a6 5. Nc3 Nf6 6. Bg5 e6 7. f4 Nbd7 8. Qe2 Qc7 9. g4 Be7 10. O-O-O b5 11. Bg2 b4 12. Nb1 Bb7 13. e5 dxe5 14. fxe5 Nd5 15. Bxe7 Nxe7 16. Bxb7 Qxb7 17. Nd2 O-O 18. Ne4 Ng6 19. Nf3 Qc7 20. Qd2 Qc4 21. Qd4 Qxa2 22. Qxd7 Rad8 23. Qxd8 Qa1+ 24. Kd2 Rxd8+ 25. Ke2 Nf4+ 0-1

[Event "Mumbai Wealth op"]
[Site "Mumbai"]
[Date "2016.01.28"]
[Round "1"]
[White "Rameshbabu Praggnanandhaa"]
[Black "Soman Amit"]
[Result "1-0"]
[EventDate "?"]
[WhiteElo "2174"]
[BlackElo "1616"]
[Source "chessbites.com; date by Chess Assistant 21"]
[PlyCount "110"]

1. b3 e5 2. Bb2 Nc6 3. e3 d5 4. Bb5 Bd6 5. f4 Qe7 6. Nf3 Bg4 7. fxe5 Bxf3 8. exd6 Qh4+ 9. g3 Qe4 10. Bd3 Nf6 11. Bxe4 Bxd1 12. Bxf6 dxe4 13. Kxd1 gxf6 14. Nc3 f5 15. dxc7 Kd7 16. Rf1 Ne7 17. Nb5 h5 18. Rf4 h4 19. gxh4 Rag8 20. Ke2 Rg2+ 21. Rf2 Rxf2+ 22. Kxf2 a6 23. Nc3 Rxh4 24. Rh1 Kxc7 25. h3 Kd6 26. Ne2 Ng6 27. d3 b5 28. a3 a5 29. Nd4 Rh5 30. Nxb5+ Kc5 31. Nc3 exd3 32. cxd3 f4 33. d4+ Kd6 34. e4 f6 35. Kf3 Rg5 36. Ne2 Nh4+ 37. Kxf4 Ng2+ 38. Kf3 Nh4+ 39. Ke3 f5 40. e5+ Ke6 41. Nf4+ Ke7 42. Kf2 Ng6 43. h4 Rg4 44. Nxg6+ Rxg6 45. h5 Rh6 46. d5 Kf7 47. e6+ Ke7 48. Kf3 Kd6 49. Re1 Ke7 50. d6+ Ke8 51. d7+ Ke7 52. Rd1 Rh8 53. d8=Q+ Rxd8 54. Rxd8 Kxd8 55. h6 1-0

[Event "Wch U10"]
[Site "Porto Carras"]
[Date "2015.11.04"]
[Round "10"]
[White "Volodar Murzin"]
[Black "Rameshbabu Praggnanandhaa"]
[Result "0-1"]
[EventDate "?"]
[WhiteElo "2007"]
[BlackElo "2077"]
[Source "chessbites.com; date by Chess Assistant 21"]
[PlyCount "126"]

1. d4 Nf6 2. Nf3 g6 3. g3 Bg7 4. Bg2 O-O 5. O-O d5 6. c4 c6 7. Nc3 dxc4 8. e3 Nbd7 9. Qe2 Nb6 10. Ne5 Be6 11. Rd1 Qc8 12. e4 Nfd7 13. Nxd7 Qxd7 14. Be3 Bh3 15. Bf3 f5 16. d5 Qc7 17. dxc6 bxc6 18. exf5 Bxf5 19. Bxb6 Qxb6 20. Qxc4+ Kh8 21. Na4 Qa5 22. Rac1 Rac8 23. Bg2 Qe5 24. Re1 Qf6 25. Nc5 h5 26. b3 Rcd8 27. Qf4 Qb2 28. Qg5 Rd2 29. Na4 Qxa2 30. Nc3 Qb2 31. Na4 Qa2 32. Nc3 Qb2 33. Na4 Qd4 34. Qe3 Bc2 35. Rf1 Qxe3 36. fxe3 Rxf1+ 37. Kxf1 Bxb3 38. Nc5 Bc2 39. h3 Bb2 40. Re1 Ba3 41. Ne6 c5 42. Bf3 a5 43. Nf4 a4 44. Nd5 Bb2 45. Nxe7 a3 46. Bd5 Rxd5 47. Nxd5 a2 48. Ke2 Bb1 49. Nf4 a1=Q 50. Nxg6+ Kg7 51. Nf4 c4 52. Nxh5+ Kh6 53. Nf4 c3 54. g4 c2 55. h4 c1=Q 56. g5+ Kh7 57. Rxc1 Bxc1 58. h5 Be4 59. g6+ Kh6 60. g7 Qxg7 61. Ng6 Qb2+ 62. Kf1 Qg2+ 63. Ke1 Bf3 0-1

[Event "Wch U10"]
[Site "Porto Carras"]
[Date "2015.11.03"]
[Round "9"]
[White "Rameshbabu Praggnanandhaa"]
[Black "Alexander Krastev"]
[Result "1-0"]
[EventDate "?"]
[WhiteElo "2077"]
[BlackElo "1888"]
[Source "chessbites.com; date by Chess Assistant 21"]
[PlyCount "50"]

1. e4 e5 2. Nf3 Nc6 3. Bc4 Bc5 4. c3 Nf6 5. d3 O-O 6. O-O d5 7. exd5 Nxd5 8. Re1 Bg4 9. h3 Bh5 10. Nbd2 Nb6 11. b4 Be7 12. Bb5 f6 13. Bb2 Kh8 14. Ne4 a5 15. Bxc6 bxc6 16. a3 Nd5 17. Ng3 Bxf3 18. Qxf3 c5 19. b5 a4 20. Rad1 Rb8 21. Ba1 Nf4 22. c4 Rb6 23. Nf5 Qd7 24. Nxe7 Qxe7 25. Qxf4 1-0

[Event "Wch U10"]
[Site "Porto Carras"]
[Date "2015.11.02"]
[Round "8"]
[White "Oskar Oglaza"]
[Black "Rameshbabu Praggnanandhaa"]
[Result "1-0"]
[EventDate "?"]
[WhiteElo "2118"]
[BlackElo "2077"]
[Source "chessbites.com; date by Chess Assistant 21"]
[PlyCount "116"]

1. e4 e5 2. Nf3 Nc6 3. d4 exd4 4. Nxd4 Bc5 5. Nb3 Bb4+ 6. c3 Be7 7. f4 d6 8. Bd3 Nf6 9. N1d2 O-O 10. O-O Re8 11. Qc2 Bf8 12. Nf3 g6 13. Bd2 d5 14. e5 Ne4 15. Nbd4 Ne7 16. Bxe4 dxe4 17. Ng5 e3 18. Bxe3 Nd5 19. Qd2 h6 20. Ne4 f5 21. Nxf5 Bxf5 22. Qxd5+ Qxd5 23. Nf6+ Kf7 24. Nxd5 Rec8 25. Nf6 Be7 26. g4 Bd3 27. Rfd1 Rd8 28. Rd2 Bxf6 29. exf6 Bc4 30. Rxd8 Rxd8 31. Bd4 Re8 32. b3 Be6 33. g5 hxg5 34. fxg5 Bg4 35. Kf2 Re2+ 36. Kg3 Be6 37. h4 b6 38. Kf3 Rh2 39. Be5 Bd5+ 40. Ke3 Rh3+ 41. Kf2 Rxh4 42. Rd1 Be6 43. Bxc7 Rg4 44. Rh1 Kg8 45. Rg1 Rh4 46. Rd1 Kf7 47. Rd8 Rg4 48. Bd6 Bd5 49. Rd7+ Kg8 50. Rg7+ Kh8 51. Rxg6 a5 52. Be5 Bf7 53. Rg7 Re4 54. g6 Bxg6 55. Bd4 Bh5 56. f7 Bxf7 57. Rxf7+ Kg8 58. Rb7 1-0

[Event "New Delhi Parsvnath op 13th"]
[Site "New Delhi"]
[Date "2015.01.16"]
[Round "10"]
[White "Rameshbabu Praggnanandhaa"]
[Black "N Surendran"]
[Result "1-0"]
[EventDate "?"]
[WhiteElo "2084"]
[BlackElo "2197"]
[Source "chessbites.com; date by Chess Assistant 21"]
[PlyCount "112"]

1. e4 c5 2. Nf3 d6 3. Bb5+ Nd7 4. O-O Nf6 5. Re1 a6 6. Bf1 e6 7. c3 Be7 8. d4 cxd4 9. cxd4 O-O 10. Nc3 e5 11. h3 Re8 12. Be3 exd4 13. Bxd4 b5 14. b4 Bb7 15. a4 bxa4 16. Qxa4 Bf8 17. Qb3 Nxe4 18. Nxe4 Rxe4 19. Rxe4 Bxe4 20. Bxa6 d5 21. Be2 Rxa1+ 22. Bxa1 Qc7 23. Qc3 Qb6 24. b5 Qg6 25. Qc6 Nf6 26. Bd4 Bxf3 27. Bxf3 Qb1+ 28. Kh2 Qb4 29. Bb6 Bd6+ 30. g3 h5 31. Kg2 h4 32. gxh4 Qf4 33. Be3 Qh2+ 34. Kf1 Qxh3+ 35. Bg2 Qe6 36. b6 Qe5 37. Bf3 d4 38. Bd2 g6 39. b7 Kg7 40. Qb6 Bb8 41. Qa5 Qe6 42. Kg2 Qd6 43. Qg5 Nd7 44. h5 Qh2+ 45. Kf1 Qh3+ 46. Qg2 Qxg2+ 47. Kxg2 Kf6 48. h6 Nf8 49. Kf1 Ke6 50. Ke2 Nh7 51. Kd3 Ke5 52. Bg2 f5 53. f4+ Kf6 54. Kxd4 Nf8 55. Kc4 Ne6 56. Bc3+ 1-0

[Event "Al Ain op 3rd"]
[Site "Al Ain"]
[Date "2014.12.26"]
[Round "9"]
[White "Rameshbabu Praggnanandhaa"]
[Black "Elmar Atakishiyev"]
[Result "1-0"]
[EventDate "?"]
[WhiteElo "2104"]
[BlackElo "1648"]
[Source "chessbites.com; date by Chess Assistant 21"]
[PlyCount "68"]

1. e4 e6 2. d4 d5 3. Nc3 Nf6 4. Bg5 Be7 5. exd5 exd5 6. Bd3 O-O 7. Nge2 c6 8. O-O Ne4 9. Bxe7 Qxe7 10. Bxe4 dxe4 11. Ng3 f5 12. f3 exf3 13. Qxf3 Qd6 14. Rad1 Be6 15. Nh5 Nd7 16. Nf4 Nb6 17. Rfe1 Rae8 18. b3 Re7 19. Re5 g6 20. Qe3 Rfe8 21. Re1 Kf7 22. Nh3 Qd7 23. Ng5+ Kf6 24. h4 h5 25. Nh3 Bd5 26. Qg5+ Kf7 27. Nf4 Re6 28. Rxe6 Rxe6 29. Nxe6 Bxe6 30. Qf4 Nd5 31. Nxd5 Qxd5 32. Qc7+ Qd7 33. Qxd7+ Bxd7 34. c4 1-0